ROSÉ all songs discography (7/25) - Statistics

General Stats
  • This quiz has been taken 114 times
    88 since last reset
  • The average score is 13 of 15
Answer Stats
Answer % Correct
Gone
99%
On The Ground
99%
APT.
94%
toxic till the end
93%
number one girl
91%
Messy
88%
3am
87%
drinks or coffee
85%
gameboy
82%
stay a little longer
78%
two years
78%
call it the end
75%
dance all night
75%
not the same
69%
too bad for us
67%
No matching quizzes found
Score Distribution
Percent of People with Each Score
Percentile by Number Answered
Your Score History
You have not taken this quiz since the last reset